Annen mağara kadını olmuş / (Record no. 23494)

MARC details
000 -BAŞLIK
Sabit Uzunluktaki Kontrol Alanı 00713nam a22002297a 4500
003 - KONTROL NUMARASI KİMLİĞİ
Kontrol Alanı koha_MIRAKIL
005 - EN SON İŞLEM TARİHİ ve ZAMANI
Kontrol Alanı 20260416094146.0
008 - SABİT UZUNLUKTAKİ VERİ ÖGELERİ - GENEL BİLGİ
Sabit Alan 260416b tur||||| |||| 00| 0 tur d
020 ## - ISBN - ULUSLARARASI STANDART KİTAP NUMARASI
Isbn 9789756227619
040 ## - KATALOGLAMA KAYNAĞI
Özgün Kataloglama Kurumu TR-IsEVY
Kataloglama Dili tur
Çeviri Kurumu TR-IsEVY
041 ## - DİL KODU
Metin ya da ses kaydının dil kodu tur
082 ## - DEWEY ONU SINIFLAMA SİSTEMİ
Sınıflama Numarası FIC SCI/A
100 ## - KİŞİ ADI
Yazar Adı (Kişi adı) Scieszka, Jon
245 #0 - ESER ADI BİLDİRİMİ
Başlık Annen mağara kadını olmuş /
Sorumluluk Bildirimi Jon Scieszka; resimleyen Lane Smith.
250 ## - BASIM BİLDİRİMİ
Basım Bildirimi 12. bs.
260 ## - YAYIN, DAĞITIM, VB.
Yayın Yeri İstanbul :
Yayınevi Günışığı Kitaplığı,
Yayın Tarihi 2024.
300 ## - FİZİKSEL TANIMLAMA
Sayfa, Cilt vb. 87 s. :
Diğer fiziki detaylar renkli resimli ;
Boyutları 19 cm.
490 0# - DİZİ BİLDİRİMİ
Dizi Bildirimi Zamanda Gezinen Üç Kafadar Dizisi ; 1.
650 ## - KONU BAŞLIĞI EK GİRİŞ - KONU TERİMİ
Konusal terim veya coğrafi ad Çocuk edebiyatı.
Alt başlık biçimi Çocuk Hikayeleri.
700 1# - EK GİRİŞ - KİŞİ ADI
Yazar Adı (Kişi adı) Girgin, Sedat.
Ünvan resimleyen.
942 ## - EK GİRİŞ ÖGELERİ (KOHA)
Source of classification or shelving scheme Dewey Decimal Classification
Koha item type Kitap
Holdings
Kayıp Durumu Sınıflandırma Kaynağı Hasarlı Durumu Koleksiyon Kodu Kalıcı Konum Mevcut Konum Kayıt Tarih Edinim Kaynağı Toplam Ödünçverme Yer Numarası Demirbaş Numarası Son Görülme Tarihi Fatura Tarihi Materyal Türü
  Dewey Decimal Classification   İlkokul İLKOKUL KÜTÜPHANESİ İLKOKUL KÜTÜPHANESİ 16/04/2026 Bağış   FIC SCI/A 25105 16/04/2026 16/04/2026 Kitap